Sports Quiz

Random Sports or MLB Quiz

MLB Statistics Venn Diagram II Quiz Stats

 Plays Quiz not verified by Sporcle

Score 0/8 Timer 02:00
0 Plays Today
% Correct
Tom Seaver
62.3%
Steve Carlton
61.8%
Juan Marichal
58.6%
Bert Blyleven
57.5%
Bob Gibson
55.8%
Christy Mathewson
52.9%
Warren Spahn
49.2%
Bob Feller
33.8%

You're not logged in!

Compare scores with friends on all Sporcle quizzes.
OR
Log In

Sporcle TV

Today on Sporcle TV


Watch our educational content, quiz creation guides, and fun videos on Sporcle TV.

Show Comments

Extras

Top Quizzes Today


Score Distribution

Your Account Isn't Verified!

In order to create a playlist on Sporcle, you need to verify the email address you used during registration. Go to your Sporcle Settings to finish the process.

Report this User

Report this user for behavior that violates our Community Guidelines.

Details: